<?xml version="1.0" encoding="UTF-8"?>
<collection xmlns="http://www.loc.gov/MARC21/slim">
 <record>
  <leader>00979nam a2200181 a 4500</leader>
  <controlfield tag="001">1/33690</controlfield>
  <controlfield tag="008">311007s2007    gr o          00010 gre  </controlfield>
  <datafield tag="020" ind1=" " ind2=" ">
   <subfield code="a">9789608612587</subfield>
  </datafield>
  <datafield tag="035" ind1=" " ind2=" ">
   <subfield code="l">36121</subfield>
  </datafield>
  <datafield tag="040" ind1=" " ind2=" ">
   <subfield code="a">GR-PeUP</subfield>
  </datafield>
  <datafield tag="082" ind1="0" ind2="0">
   <subfield code="a">949.5 ΜΙΣ</subfield>
  </datafield>
  <datafield tag="100" ind1="1" ind2=" ">
   <subfield code="a">Μίσσιος, Κώστας Γ.,</subfield>
   <subfield code="d">1938-</subfield>
  </datafield>
  <datafield tag="245" ind1="1" ind2="0">
   <subfield code="a">1767 γνωστοί , αλλά και άγνωστοι , Μυτιλινιοί -σε σκίτσα της Μάρως Μίσσιου και του Βασίλη Παγιάτη :</subfield>
   <subfield code="b">Συμβολή στην ιστορία της λεσβιακής γραμματείας /</subfield>
   <subfield code="c">Κώστας Γ. Μίσσιος.</subfield>
  </datafield>
  <datafield tag="260" ind1="0" ind2=" ">
   <subfield code="a">Μυτιλήνη :</subfield>
   <subfield code="b">[χ.ό.],</subfield>
   <subfield code="c">2007.</subfield>
  </datafield>
  <datafield tag="300" ind1=" " ind2=" ">
   <subfield code="a">391 σ. :</subfield>
   <subfield code="b">εικ. ;</subfield>
   <subfield code="c">20 εκ.</subfield>
  </datafield>
  <datafield tag="500" ind1=" " ind2=" ">
   <subfield code="a">Περιέχει ευρετήριο.</subfield>
  </datafield>
  <datafield tag="651" ind1=" " ind2="0">
   <subfield code="a">Λέσβος (Ελλάδα)</subfield>
   <subfield code="x">Ιστορία</subfield>
   <subfield code="x">Εικονογραφημένα βιβλία.</subfield>
  </datafield>
  <datafield tag="852" ind1=" " ind2=" ">
   <subfield code="a">INST</subfield>
   <subfield code="b">UNIPILB</subfield>
   <subfield code="c">MAIN</subfield>
   <subfield code="e">20071031</subfield>
   <subfield code="h">949.5 ΜΙΣ</subfield>
   <subfield code="p">00153970</subfield>
   <subfield code="q">00153970</subfield>
   <subfield code="t">LOAN</subfield>
   <subfield code="y">0</subfield>
   <subfield code="4">1</subfield>
  </datafield>
 </record>
</collection>
